| 000 | 00489cam a2200193ua 4500 | ||
|---|---|---|---|
| 001 | 2551 | ||
| 008 | 110912n ii |||gr||||Z||||||asm | ||
| 040 | _cMAIN | ||
| 082 | _a414.8 | ||
| 100 | _aGoswami, Gulok Chandra, | ||
| 245 | 1 |
_aDhvanivijnanar bhumika _cby Gulok Chandra Goswami |
|
| 250 | _a1st. | ||
| 260 |
_aguahati: _bBani prakash,966. |
||
| 300 |
_a208p: _c23cm. |
||
| 653 | _aAssamese language | ||
| 653 | _aAssamese language | ||
| 653 | _aDhvanivijnanar bhumika | ||
| 942 | _cBK | ||
| 999 |
_c2404 _d2404 |
||